header

Fictions of affliction (Record no. 98117)

MARC details
000 -LEADER
fixed length control field 01530nam a2200361Ia 4500
100 1# - MAIN ENTRY--AUTHOR NAME
Personal name Stoddard Holmes, Martha.
245 10 - TITLE STATEMENT
Title Fictions of affliction
260 ## - PUBLICATION, DISTRIBUTION, ETC. (IMPRINT)
Place of publication Ann Arbor :
Name of publisher University of Michigan Press,
Year of publication c2004.
300 ## - PHYSICAL DESCRIPTION
Number of Pages xiv, 228 p. :
Other physical details ill.
490 1# - SERIES STATEMENT
Series statement Corporealities :discourses of disability
650 #0 - SUBJECT ADDED ENTRY--TOPICAL TERM
Topical Term English literature
Topical Term People with disabilities in literature.
Topical Term People with disabilities
856 40 - ELECTRONIC LOCATION AND ACCESS
Uniform Resource Identifier http://site.ebrary.com/lib/rucke/Doc?id=10371906

No items available.

© 2026 Rongo University
Contact us: librarian | system librarian | Rongo university